Learning Management System as a Tool of Knowledge Management

Zavedenie spojenia medzi LMS nástrojmi a nástrojmi znalostného manažmentu. Využitie v praxi ako podpora pre vytvorenie znalostného životného cyklu v rámci podniku a vývoj systému znalostného manažmentu s použitím LMS.

Salvato in:
Dettagli Bibliografici
Autore principale: Rakovská, Eva, 1963-
Altri autori: Kanáliková, Alžbeta, 1969-
Natura: Capitolo di libro
Lingua:inglese
Soggetti:
Tags: Aggiungi Tag
Nessun Tag, puoi essere il primo ad aggiungerne!!

MARC

LEADER 00000naa$a2200000$$$4500
001 0253287
005 20240502074047.3
041 0 |a eng 
044 |a SK 
245 1 0 |a Learning Management System as a Tool of Knowledge Management  |c Eva Rakovská, Alžbeta Kanáliková 
520 |a Zavedenie spojenia medzi LMS nástrojmi a nástrojmi znalostného manažmentu. Využitie v praxi ako podpora pre vytvorenie znalostného životného cyklu v rámci podniku a vývoj systému znalostného manažmentu s použitím LMS. 
610 2 0 |a manažment znalostný 
610 2 0 |a technológie znalostné 
610 2 0 |a vedomosti 
100 1 |a Rakovská, Eva, 1963- 
700 1 |a Kanáliková, Alžbeta, 1969-